=LDR 00000nam 2200000 4500 =001 INLIS000000000027109 =005 20130612125518 =008 ***********************************Ind** =035 ##$$0010-061300000027109 =041 ##$$a Ind =082 ##$$a 658 =090 ##$$a 658, Tho p =100 ##$$a Thoha, Miftah =245 ##$$a Pembinaan organisasi, proses diagnosa dan intervensi, Miftah Thoha =260 ##$$a 2003 $b Jakara =300 ##$$a xiv, 220 hlm, ilus, 21 cm =650 ##$$a Manajemen =850 ##$$a NBPNMAT